| Tag |
First Indicator |
Second Indicator |
Subfields |
| LEADER |
00000cam a2200000 4500 |
| 001 |
in00000044246 |
| 005 |
20151007071037.0 |
| 008 |
750527r1963 enka b 10000 eng u |
| 010 |
|
|
|a 64009929
|
| 035 |
|
|
|a (OCoLC)01355803
|
| 035 |
|
|
|9 AAE5208AM
|
| 040 |
|
|
|c YNG
|d TXA
|d UtOrBLW
|
| 049 |
|
|
|a TXAM
|c [368941]
|
| 050 |
|
0 |
|a QC173
|b .I55 1962
|
| 082 |
0 |
|
|a 539.12082
|
| 092 |
|
|
|a 539.12063
|b I61m, 1963
|
| 111 |
2 |
|
|a International Symposium on Molecular Structure and Spectroscopy
|n (1st :
|d 1962 :
|c Tokyo)
|
| 245 |
1 |
0 |
|a Molecular structure and spectroscopy ;
|b special lectures presented at the International Symposium on Molecular Structure and Spectroscopy.
|
| 264 |
|
1 |
|a London :
|b Butterworths,
|c 1963.
|
| 300 |
|
|
|a vi, 145 pages :
|b illustrations ;
|c 26 cm.
|
| 336 |
|
|
|a text
|b txt
|2 rdacontent
|
| 337 |
|
|
|a unmediated
|b n
|2 rdamedia
|
| 338 |
|
|
|a volume
|b nc
|2 rdacarrier
|
| 500 |
|
|
|a At head of title: International Union of Pure and Applied Chemistry Section, Commission on Molecular Structure and Spectroscopy in conjunction with the Science Council of Japan.
|
| 500 |
|
|
|a Added t. p. in French.
|
| 500 |
|
|
|a "Reprinted from Pure and applied chemistry, volume 7, number 1."
|
| 504 |
|
|
|a Includes bibliographies.
|
| 650 |
|
0 |
|a Molecules.
|
| 650 |
|
0 |
|a Molecular spectra.
|
| 710 |
2 |
|
|a International Union of Pure and Applied Chemistry.
|b Commission on Molecular Structure and Spectroscopy.
|
| 710 |
2 |
|
|a Nihon Gakujutsu Kaigi.
|
| 999 |
|
|
|a MARS
|
| 999 |
f |
f |
|s 99c25e89-9e33-369b-9c77-2921d15a75bd
|i b97078fc-86fc-35cd-af58-a3a8af5ca6bb
|t 0
|
| 952 |
f |
f |
|p ric
|a Texas A&M University
|b Rellis Campus
|c Joint Library Facility
|d Remote Storage
|t 0
|e QC173 .I55 1962
|h Library of Congress classification
|i unmediated -- volume
|m A14800928166
|
| 998 |
f |
f |
|a QC173 .I55 1962
|t 0
|l Remote Storage
|